| 000 | 01138nam0a22002531 4500 | ||
|---|---|---|---|
| 001 | rc\2604237 | ||
| 005 | 20250623132253.0 | ||
| 035 | _a(NLR Aleph) 006768256 | ||
| 090 |
_a5916990 _c5916990 |
||
| 100 | _a20110914d1930 |||y0rusy50 ca | ||
| 101 | 0 | _arus | |
| 102 | _aRU | ||
| 105 | _ay z ||||| | ||
| 200 | 1 |
_aО характере финансового капитала в России _e[Доклад на 1 Всесоюзное конференции историков-марксистов, прения и заключительное слово] _fН. Ванаг _gКом. акад. О-во историков-марксистов |
|
| 210 |
_a[Москва] _cизд-во Ком. акад. _d1930 _eЗагорск _gтип. "Шестой октябрь" |
||
| 215 |
_a74 с. _d21х15 см. |
||
| 700 | 1 |
_aВанаг _bН.Н. _f1899-1937 _gНиколай Николаевич |
|
| 712 | 0 | 2 |
_aВсесоюзная конф-ция историков-марксистов _d1 _f1928-1929 _eМосква |
| 801 | 0 |
_aRU _bNLR _gpsbo |
|
| 801 | 1 |
_aRU _bELAR _2rusmarc |
|
| 852 |
_aNLR _j30-10/2688 |
||
| 942 | _cBOOK | ||
| 980 | _aNB | ||